Compendio de política social / Ludwig Heyde ; traducido por Rafael Luengo Tapia y Manuel Sánchez Sarto
Descripción Física:
384 p., IV làm. ; 19 cm
Materias:
Política social
MARC
| LEADER | 00000nam a2200000Ia 4500 | ||
|---|---|---|---|
| 001 | 1024 | ||
| 008 | 160829s1931 xx 000 0 cat d | ||
| 080 | |a M-2-336 | ||
| 100 | |a Heyde, Ludwig |9 35715 | ||
| 245 | |a Compendio de política social / Ludwig Heyde ; traducido por Rafael Luengo Tapia y Manuel Sánchez Sarto | ||
| 260 | |a Barcelona : |b Labor, |c 1931 | ||
| 300 | |a 384 p., IV làm. ; |c 19 cm | ||
| 490 | |a Colección labor : Biblioteca de iniciación cultural : Sección X : Economía ; 299-300 | ||
| 650 | 0 | |a Política social |9 35716 | |
| 700 | |a Luengo Tapia, Rafael |e traductor |9 35739 | ||
| 700 | |a Sánchez Sarto, Manuel, tr. |9 34414 |e traductor | ||
| 901 | |a Arxiu | ||
| 942 | |n 1 |2 udc | ||
| 952 | |0 0 |1 0 |4 0 |6 M2336 |7 1 |9 47038 |a Arxiu |b Arxiu |d 2016-12-01 |l 0 |o M-2-336 |p 1024 |r 2016-12-01 00:00:00 |w 2016-12-01 |y ARXIU | ||
| 999 | |c 50831 |d 50831 | ||